000 004730000a22001810004500
003 MACL
005 20150916102145.0
008 150916b xxu||||| |||| 00| 0 eng d
040 _aMACL
_cMACL
041 _aEnglish
082 _a823/SAI
100 _aSainath P
_911361
245 _aEveryBody loves A Good Drought
_bStories From India Poorest Districts
260 _bPenguin Books
_c1996
_aNew Delhi
350 _a295
650 _aFicition
_911362
942 _cBK
_k823
_2ddc
999 _c2056
_d2056